| 000 | 01382nam a22001697a 4500 | ||
|---|---|---|---|
| 008 | 140709b xxu||||| |||| 00| 0 eng d | ||
| 020 | _a013141435671 | ||
| 050 | _aQA76.C5628 | ||
| 100 | _aBeekman, George. | ||
| 245 |
_aComputer confluence: exploring tomorrow's technology. / _cGeorge Beekman |
||
| 250 | _a6th ed. | ||
| 260 |
_aUpper Saddle River: _bPearson, _c2005. |
||
| 300 |
_axxx,600p.: _bill.; _c25cm. |
||
| 500 | _aIncludes index, appendix and glossary. | ||
| 505 | _aContents: Approaching computers: Hardware and software fundamentals: Computer currents: From calculation to connection -- Hardware basics: Inside the box -- Hardware basics: Peripherals -- Software basics: The ghost in the machine -- Using software: Essentials applications: Basic office applications -- Graphics, digital media and multimedia -- Database applications and implications -- Exploring with computers: Networking and the internet: Networking and telecommunication -- Inside the internet and the world wide web -- Living with computers: Issues and implications: Computers security and risks -- Computers at work, school and home -- Managing computers: Information systems at work: Information systems in Business -- Electronic commerce and E-business -- Mastering computers: From algorithms to intelligence: Systems design and development -- Is artificial intelligence real | ||
| 942 |
_2lcc _cBK |
||
| 999 |
_c3105 _d10605 |
||